| 000 | 00562nam a2200217Ia 4500 | ||
|---|---|---|---|
| 008 | 160319s9999 xx 000 0 und d | ||
| 020 | _a9771908472008 | ||
| 050 | _bAb162d | ||
| 100 | _aAbrera, Manix | ||
| 245 | _aDie! die, evil! die! ahrrrgh! / | ||
| 245 | _cni Manix Abrera. | ||
| 260 | _aMakati : | ||
| 260 | _bVisual Print Enterprises | ||
| 260 | _c2007 | ||
| 300 | _a83 pages : | ||
| 300 | _billustrations ; | ||
| 300 | _c21 cm. | ||
| 440 | _aKikomachine komix. | ||
| 440 | _vvol. 3 | ||
| 650 | _aComic books, strips, etc. -- Philippines. | ||
| 999 |
_c292286 _d292286 |
||